| 000 | 00748nam a2200229Ia 4500 | ||
|---|---|---|---|
| 001 | 15783 | ||
| 003 | GE_BSU | ||
| 008 | 181216s||||||||xx |||||||||||||| ||und|| | ||
| 040 | _cGE_BSU | ||
| 080 | _a821.353.1-32 | ||
| 100 | _aჭავჭავაძე, ი. (ილია, 1837-1907) | ||
| 245 | _aოთარაანთ ქვრივი. | ||
| 245 | _bმოთხრობა. | ||
| 245 | _cრედ.ლოლა ქადაგიშვილი. მხატვ.სამეული | ||
| 260 | _aთბილისი | ||
| 260 | _bნაკადული | ||
| 260 | _c1983 | ||
| 300 | _a111 გვ. ; 16 სმ | ||
| 653 | _aმოთხრობა | ||
| 653 | _aოთარაანთ ქვრივი | ||
| 942 | _cBK | ||
| 999 |
_c48880 _d48880 |
||